[Event "COL-ch sf (Women)"]
[Site "Pereira"]
[Date "2024.03.31"]
[Round "9"]
[White "Argote Heredia, Valentina"]
[Black "Velez Alvarez, Laura Camila"]
[Result "1-0"]
[WhiteElo "2183"]
[BlackElo "1850"]
[PlyCount "73"]
[EventDate "2024.03.27"]
[EventType "swiss"]
[EventRounds "9"]
[EventCountry "COL"]
[SourceTitle "CB14_2024"]
[SourceDate "2024.04.01"]
[SourceVersion "1"]
[SourceVersionDate "2024.04.01"]
[SourceQuality "1"]

1. e4 c5 2. Nf3 d6 3. d4 cxd4 4. Nxd4 Nf6 5. Nc3 g6 6. Be3 Bg7 7. f3 0-0 8. Qd2 Nc6 9. g4 Qa5 10. h4 h5 11. gxh5 Nxh5 12. 0-0-0 Nxd4 13. Bxd4 Bxd4 14. Qxd4 Be6 15. Kb1 Rfc8 16. Nd5 Bxd5 17. exd5 Qc5 18. Qd2 Kg7 19. Bh3 Rc7 20. Bg4 Rh8 21. c3 b5 22. Rhg1 Qc4 23. Qe1 Qf4 24. Rd4 Qf6 25. Re4 Kf8 26. a4 Rc5 27. axb5 Rxb5 28. Rd4 Rb7 29. Qe2 Rb6 30. Re1 Ng3 31. Qe3 Rxh4 32. Rf4 Nf5 33. Qd2 Qh8 34. Re2 Ng3 35. Rg2 Nh5 36. Rc4 Qe5 37. Qd1 1-0

[Event "WchT (Women) Pool-B"]
[Site "Bydgoszcz"]
[Date "2023.09.07"]
[Round "3.1"]
[White "Argote Heredia, Valentina"]
[Black "Pourkashiyan, Atousa"]
[Result "1/2-1/2"]
[WhiteElo "2179"]
[BlackElo "2288"]
[PlyCount "89"]
[EventDate "2023.09.06"]
[EventType "team (rapid)"]
[EventRounds "5"]
[EventCountry "POL"]
[SourceTitle "EXT 2024"]
[Source "ChessBase"]
[SourceDate "2023.10.10"]
[SourceVersion "1"]
[SourceVersionDate "2023.10.10"]
[SourceQuality "1"]
[WhiteTeam "FIDE Americas (W)"]
[BlackTeam "United States (W)"]
[BlackTeamCountry "USA"]

1. e4 c5 2. Nf3 e6 3. Nc3 a6 4. Be2 d6 5. 0-0 e5 6. a4 Be6 7. d3 Be7 8. Ne1 Nf6 9. f4 exf4 10. Bxf4 0-0 11. Nf3 Nc6 12. Kh1 d5 13. Ng5 d4 14. Nxe6 fxe6 15. Nb1 Bd6 16. Bxd6 Qxd6 17. Qe1 Nd7 18. Bf3 Nde5 19. Nd2 Rf6 20. Qg3 Raf8 21. Be2 Qe7 22. Rxf6 Rxf6 23. Nc4 Nxc4 24. dxc4 e5 25. Qh3 Qe6 26. Qb3 Na5 27. Qd3 b6 28. h3 Rf4 29. Rf1 Rxf1+ 30. Bxf1 Qf6 31. Be2 Qf4 32. Bg4 g6 33. Be6+ Kg7 34. Bd5 Kf6 35. Qd1 h5 36. Qe1 Kg7 37. b4 cxb4 38. Qxb4 Qf1+ 39. Kh2 Qf4+ 40. Kh1 Qf1+ 41. Kh2 Qf4+ 42. Kg1 Qc1+ 43. Kh2 Qf4+ 44. Kg1 Qc1+ 45. Kh2 1/2-1/2

[Event "Belgrade Serbia op"]
[Site "Belgrade"]
[Date "2023.07.16"]
[Round "1"]
[White "Argote Heredia, Valentina"]
[Black "Djordjevic, Vuk D"]
[Result "0-1"]
[WhiteElo "2228"]
[BlackElo "2385"]
[PlyCount "118"]
[EventDate "2023.07.16"]
[EventType "swiss"]
[EventRounds "9"]
[EventCountry "SRB"]
[SourceTitle "CBM 215 Extra"]
[Source "ChessBase"]
[SourceDate "2023.09.30"]
[SourceVersion "1"]
[SourceVersionDate "2023.09.30"]
[SourceQuality "1"]

1. e4 e6 2. d4 d5 3. Bd3 dxe4 4. Bxe4 Nf6 5. Bf3 c5 6. Ne2 Nc6 7. Be3 Nd5 8. Bxd5 Qxd5 9. Nf4 Qf5 10. Ne2 Be7 11. Ng3 Qd5 12. dxc5 Qxg2 13. Nd2 e5 14. Qe2 f5 15. f4 Qxe2+ 16. Nxe2 Bh4+ 17. Bf2 Bf6 18. Nc4 0-0 19. 0-0-0 Be6 20. Nd6 Rab8 21. Kb1 g6 22. h4 Rfd8 23. h5 Rd7 24. hxg6 hxg6 25. Rdg1 Ne7 26. Bh4 Kg7 27. Bg5 Bxg5 28. Rxg5 Kf6 29. Rg3 b6 30. fxe5+ Kxe5 31. Re3+ Kf6 32. Nf4 Bg8 33. Rd1 Rbd8 34. Red3 g5 35. cxb6 gxf4 36. b7 Rb8 37. Ne8+ Rxe8 38. Rxd7 f3 39. b3 Rb8 40. c4 Be6 41. Rc7 f4 42. Rd2 Bf5+ 43. Kc1 Ke6 44. c5 Be4 45. Rd6+ Kf7 46. Kd1 Rxb7 47. Rxb7 Bxb7 48. b4 Bd5 49. Ke1 Bxa2 50. Ra6 Bc4 51. Rxa7 Ke6 52. Kf2 Bd5 53. b5 Nf5 54. Ra4 Ke5 55. c6 Ne3 56. c7 Nd1+ 57. Ke1 f2+ 58. Kf1 Be6 59. Ke2 Bg4+ 0-1

[Event "Caribean-chT Blitz 24th"]
[Site "San Salvador"]
[Date "2023.07.06"]
[Round "5.1"]
[White "Brown, Raehanna"]
[Black "Argote Heredia, Valentina"]
[Result "0-1"]
[WhiteElo "1655"]
[BlackElo "2128"]
[PlyCount "128"]
[EventDate "2023.07.06"]
[EventType "tourn (blitz)"]
[EventRounds "15"]
[EventCountry "ESA"]
[SourceTitle "CBM 215 Extra"]
[Source "ChessBase"]
[SourceDate "2023.09.30"]
[SourceVersion "1"]
[SourceVersionDate "2023.09.30"]
[SourceQuality "1"]
[WhiteTeam "Jamaica"]
[BlackTeam "Colombia"]
[WhiteTeamCountry "JAM"]
[BlackTeamCountry "COL"]

1. c4 e5 2. Nc3 Nf6 3. g3 g6 4. Bg2 Bg7 5. d3 0-0 6. Nf3 d6 7. 0-0 c6 8. e4 Nbd7 9. h3 Nc5 10. Be3 Ne6 11. Kh2 b6 12. d4 exd4 13. Nxd4 Nxd4 14. Bxd4 Bb7 15. Qd3 Qe7 16. Rad1 Rad8 17. Rfe1 Nh5 18. Be3 Rfe8 19. f4 Nf6 20. Bf2 Qe6 21. Bd4 Qc8 22. Bf2 Nd7 23. b4 Nf6 24. a3 Qa8 25. Bf3 d5 26. cxd5 cxd5 27. e5 Ne4 28. Bg1 f5 29. Ne2 Rc8 30. Nd4 Rc3 31. Qb1 Qc8 32. Rc1 Re7 33. Rxc3 Qxc3 34. Qc1 Rc7 35. Qxc3 Rxc3 36. Bg2 Rxa3 37. Nb5 Ra2 38. Nd6 Ba6 39. Nxe4 fxe4 40. Kh1 Bd3 41. Rc1 h6 42. Rc8+ Kh7 43. Rc7 Kg8 44. Rd7 Bc4 45. Rc7 g5 46. Bxe4 gxf4 47. gxf4 Re2 48. Bg6 Bf8 49. Rxa7 Bxb4 50. Bxb6 d4 51. Ra8+ Kg7 52. Be4 Rxe4 53. Ra7+ Kg6 54. Rd7 d3 55. Kg2 Rxf4 56. Kg3 Re4 57. Bd4 d2 58. Ba1 Re1 59. Bb2 d1Q 60. Rxd1 Rxd1 61. Kf4 Bd5 62. Ke3 Kf5 63. Ke2 Rb1 64. Bd4 Ke4 0-1

[Event "Caribean-chT Blitz 24th"]
[Site "San Salvador"]
[Date "2023.07.06"]
[Round "3.1"]
[White "Perez Hernandez, Vicmary C"]
[Black "Argote Heredia, Valentina"]
[Result "1-0"]
[WhiteElo "1693"]
[BlackElo "2128"]
[PlyCount "82"]
[EventDate "2023.07.06"]
[EventType "tourn (blitz)"]
[EventRounds "15"]
[EventCountry "ESA"]
[SourceTitle "CBM 215 Extra"]
[Source "ChessBase"]
[SourceDate "2023.09.30"]
[SourceVersion "1"]
[SourceVersionDate "2023.09.30"]
[SourceQuality "1"]
[WhiteTeam "Venezuela"]
[BlackTeam "Colombia"]
[WhiteTeamCountry "VEN"]
[BlackTeamCountry "COL"]

1. e4 c5 2. Nf3 d6 3. d4 cxd4 4. Qxd4 Nc6 5. Bb5 a6 6. Bxc6+ bxc6 7. c4 e5 8. Qd3 Ne7 9. Nc3 Ng6 10. 0-0 Be7 11. Be3 Be6 12. Rad1 Qc7 13. c5 dxc5 14. Na4 c4 15. Qc3 Rb8 16. Nc5 Qc8 17. Nxe5 Bf6 18. f4 Bxe5 19. fxe5 0-0 20. Nxe6 Qxe6 21. Bc5 Rfe8 22. Bd6 Rb5 23. Rd4 Nxe5 24. Bxe5 Rxe5 25. Rxc4 Rxe4 26. Rxc6 Qg4 27. Rc7 Re2 28. Qf3 Qxf3 29. Rxf3 Rxb2 30. h3 f6 31. Rg3 g6 32. Rf3 f5 33. Rd3 Rbe2 34. Rdd7 Re1+ 35. Kh2 Rb8 36. Rg7+ Kf8 37. Rxh7 Kg8 38. Rhg7+ Kf8 39. Rcf7+ Ke8 40. Rxf5 Rd1 41. Rf2 g5 1-0

[Event "Caribean-chT Blitz 24th"]
[Site "San Salvador"]
[Date "2023.07.06"]
[Round "9.1"]
[White "Wilson, Hannah"]
[Black "Argote Heredia, Valentina"]
[Result "0-1"]
[WhiteElo "1511"]
[BlackElo "2128"]
[PlyCount "88"]
[EventDate "2023.07.06"]
[EventType "tourn (blitz)"]
[EventRounds "15"]
[EventCountry "ESA"]
[SourceTitle "CBM 215 Extra"]
[Source "ChessBase"]
[SourceDate "2023.09.30"]
[SourceVersion "1"]
[SourceVersionDate "2023.09.30"]
[SourceQuality "1"]
[WhiteTeam "Barbados"]
[BlackTeam "Colombia"]
[WhiteTeamCountry "BAR"]
[BlackTeamCountry "COL"]

1. e4 c5 2. Nf3 d6 3. d4 cxd4 4. Nxd4 Nf6 5. Nc3 a6 6. Be3 e5 7. Nb3 Be6 8. f3 Be7 9. Qd2 0-0 10. 0-0-0 Nbd7 11. g4 b5 12. g5 b4 13. Nd5 Nxd5 14. exd5 Bf5 15. Bd3 Bxd3 16. Qxd3 Bxg5 17. Rdg1 Bxe3+ 18. Qxe3 a5 19. Qh6 Qf6 20. Qe3 a4 21. Nd2 Nc5 22. Rxg7+ Kxg7 23. Rg1+ Kh8 24. Ne4 Nxe4 25. Qxe4 Rg8 26. Rf1 b3 27. cxb3 axb3 28. a3 Rg2 29. h4 Rc8+ 30. Kb1 Rcc2 31. Ka1 Rxb2 32. Re1 Ra2+ 33. Kb1 Rgb2+ 34. Kc1 Qh6+ 35. f4 Qxf4+ 36. Qxf4 exf4 37. Re8+ Kg7 38. Re1 f3 39. Rg1+ Kf6 40. Rf1 f2 41. h5 Re2 42. Kd1 Rad2+ 43. Kc1 b2+ 44. Kb1 Re1+ 0-1

[Event "Caribean-chT Rapid 24th"]
[Site "San Salvador"]
[Date "2023.07.05"]
[Round "12.2"]
[White "Morales Santos, Natasha"]
[Black "Argote Heredia, Valentina"]
[Result "0-1"]
[WhiteElo "1876"]
[BlackElo "2035"]
[PlyCount "48"]
[EventDate "2023.07.03"]
[EventType "tourn (rapid)"]
[EventRounds "15"]
[EventCountry "ESA"]
[SourceTitle "CBM 215 Extra"]
[Source "ChessBase"]
[SourceDate "2023.09.30"]
[SourceVersion "1"]
[SourceVersionDate "2023.09.30"]
[SourceQuality "1"]
[WhiteTeam "Puerto Rico"]
[BlackTeam "Colombia"]
[WhiteTeamCountry "PUR"]
[BlackTeamCountry "COL"]

1. d4 Nf6 2. c4 e6 3. Nc3 Bb4 4. Qc2 0-0 5. a3 Bxc3+ 6. Qxc3 d5 7. Bg5 h6 8. Bxf6 Qxf6 9. Nf3 Qe7 10. Rc1 c6 11. h4 Bd7 12. g4 Be8 13. g5 h5 14. Bh3 Nd7 15. Rg1 dxc4 16. g6 fxg6 17. Qxc4 Bf7 18. Ng5 Nb6 19. Qb3 Nd5 20. Qg3 Qf6 21. e3 Rae8 22. Ne4 Qe7 23. Rc2 e5 24. Nd6 Qxd6 0-1

[Event "Caribean-chT Rapid 24th"]
[Site "San Salvador"]
[Date "2023.07.05"]
[Round "14.2"]
[White "Otazo Sanchez, Annyd Gabriela"]
[Black "Argote Heredia, Valentina"]
[Result "0-1"]
[WhiteElo "1890"]
[BlackElo "2035"]
[PlyCount "98"]
[EventDate "2023.07.03"]
[EventType "tourn (rapid)"]
[EventRounds "15"]
[EventCountry "ESA"]
[SourceTitle "CBM 215 Extra"]
[Source "ChessBase"]
[SourceDate "2023.09.30"]
[SourceVersion "1"]
[SourceVersionDate "2023.09.30"]
[SourceQuality "1"]
[WhiteTeam "Venezuela"]
[BlackTeam "Colombia"]
[WhiteTeamCountry "VEN"]
[BlackTeamCountry "COL"]

1. e4 c5 2. Bc4 e6 3. Qe2 Be7 4. Bb3 Nc6 5. c3 d6 6. d3 Bf6 7. f4 Nge7 8. Nf3 e5 9. f5 d5 10. Nbd2 h5 11. Nf1 c4 12. exd5 cxb3 13. dxc6 0-0 14. Ng3 Nxc6 15. 0-0 Ne7 16. Nxh5 Nxf5 17. Nxf6+ Qxf6 18. Qxe5 Qb6+ 19. d4 bxa2 20. Rxa2 Bd7 21. Qc5 Qe6 22. Ne5 b6 23. Qa3 Bc8 24. b4 Bb7 25. Raf2 Nd6 26. Re1 Qd5 27. Qa2 Rfe8 28. Qxd5 Bxd5 29. Rfe2 Rac8 30. Bb2 a5 31. bxa5 bxa5 32. Re3 Re6 33. Ba3 Nf5 34. Rd3 Rce8 35. Ra1 f6 36. Nf3 Re2 37. Bc5 Ne3 38. Rd2 Bxf3 39. Rxe2 Bxe2 40. Rxa5 Nc4 41. Ra7 Bd3 42. Kf2 Re2+ 43. Kf3 Nd2+ 44. Kf4 g5+ 45. Kg4 Rxg2+ 46. Kh3 Rg1 47. Ra8+ Kh7 48. Ra7+ Kg6 49. d5 Bf5# 0-1

[Event "Caribean-chT Rapid 24th"]
[Site "San Salvador"]
[Date "2023.07.04"]
[Round "9.2"]
[White "Argote Heredia, Valentina"]
[Black "Granados Ortiz, Maria Jose"]
[Result "1-0"]
[WhiteElo "2035"]
[BlackElo "1601"]
[PlyCount "40"]
[EventDate "2023.07.03"]
[EventType "tourn (rapid)"]
[EventRounds "15"]
[EventCountry "ESA"]
[SourceTitle "CBM 215 Extra"]
[Source "ChessBase"]
[SourceDate "2023.09.30"]
[SourceVersion "1"]
[SourceVersionDate "2023.09.30"]
[SourceQuality "1"]
[WhiteTeam "Colombia"]
[BlackTeam "Nicaragua"]
[WhiteTeamCountry "COL"]
[BlackTeamCountry "NCA"]

1. e4 Nf6 2. e5 Nd5 3. d4 d6 4. Nf3 Bg4 5. Be2 e6 6. 0-0 Be7 7. c4 Nb6 8. Be3 0-0 9. Nc3 Nc6 10. exd6 cxd6 11. Qb3 Na5 12. Qb5 Nc6 13. c5 dxc5 14. dxc5 Nd5 15. Nxd5 Qxd5 16. Rfd1 Qf5 17. Qxb7 Rfc8 18. Nd4 Nxd4 19. Bxg4 Qxg4 20. Rxd4 Bf8 1-0

[Event "Central America-ch (Women) 24th"]
[Site "San Salvador"]
[Date "2023.01.21"]
[Round "4"]
[White "Argote Heredia, Valentina"]
[Black "Morales Santos, Natasha"]
[Result "1-0"]
[WhiteElo "2030"]
[BlackElo "1813"]
[PlyCount "31"]
[EventDate "2023.01.21"]
[EventType "swiss"]
[EventRounds "11"]
[EventCountry "ESA"]
[SourceTitle "CBM 212 Extra"]
[Source "ChessBase"]
[SourceDate "2023.03.31"]
[SourceVersion "1"]
[SourceVersionDate "2023.03.31"]
[SourceQuality "1"]

1. e4 e6 2. d4 d5 3. Nc3 Be7 4. Bd3 Nf6 5. e5 Nfd7 6. Nce2 c5 7. c3 b6 8. Nf3 Ba6 9. Bb1 Nc6 10. 0-0 0-0 11. Re1 f5 12. exf6 Bxf6 13. Nf4 Re8 14. Nxe6 Rxe6 15. Rxe6 Nf8 16. Rxc6 1-0

[Event "Cali Valle Colombia op-A"]
[Site "Cali Valle Colombia"]
[Date "2022.12.27"]
[Round "4"]
[White "Argote Heredia, Valentina"]
[Black "Esmeraldas Huachi, Anderson Yahir"]
[Result "0-1"]
[WhiteElo "2165"]
[BlackElo "2106"]
[PlyCount "152"]
[EventDate "2022.12.26"]
[EventType "swiss"]
[EventRounds "9"]
[EventCountry "COL"]
[SourceTitle "CBM 211 Extra"]
[Source "ChessBase"]
[SourceDate "2023.01.31"]
[SourceVersion "1"]
[SourceVersionDate "2023.01.31"]
[SourceQuality "1"]

1. e4 c5 2. Nf3 d6 3. d4 cxd4 4. Nxd4 Nf6 5. Nc3 a6 6. f3 e5 7. Nb3 Be6 8. Be3 Be7 9. Qd2 0-0 10. 0-0-0 Nbd7 11. g4 b5 12. g5 Nh5 13. Kb1 Nb6 14. Na5 Qc7 15. Nd5 Bxd5 16. exd5 Nxd5 17. Qxd5 Qxa5 18. c4 Rfb8 19. Bd3 Rf8 20. g6 Kh8 21. gxf7 Qc7 22. cxb5 axb5 23. Bxb5 Nf6 24. Qe6 d5 25. Bb6 Qd6 26. Qxd6 Bxd6 27. a4 Rxf7 28. a5 Bc7 29. Rc1 Bxb6 30. axb6 Rb8 31. Ba6 Rxb6 32. Rc8+ Ng8 33. Ra8 g6 34. Rd1 Rd6 35. Bc4 Rfd7 36. Be2 Kg7 37. b4 Nf6 38. b5 d4 39. Bd3 Nd5 40. Kb2 Nc3 41. Re1 Rd5 42. b6 Kf6 43. Ra7 R5d6 44. Kc2 Nd5 45. Rb1 Rd8 46. b7 Rb8 47. Ra8 Rdd8 48. Be4 Nc3 49. Rb6+ Ke7 50. Bc6 Kd6 51. Kd3 Kc7 52. Rba6 g5 53. Be4 Nxe4 54. Kxe4 Rxb7 55. Rxd8 Kxd8 56. Kxe5 d3 57. Ra2 h6 58. Rd2 Re7+ 59. Kf5 Re3 60. Kg4 Ke7 61. h4 gxh4 62. Kf4 Re2 63. Rxd3 Rg2 64. Rd1 h3 65. Ke4 h2 66. Rh1 h5 67. f4 h4 68. Kf5 Kf7 69. Ke5 Kg6 70. Ke4 Kf6 71. f5 Kg5 72. Kf3 h3 73. Ke4 Kg4 74. f6 Rf2 75. Ke5 Kg3 76. f7 Kg2 0-1

[Event "Jamundi Fortalece Sede op"]
[Site "Jamundi"]
[Date "2022.12.11"]
[Round "10"]
[White "Argote Heredia, Valentina"]
[Black "Rios, Cristhian Camilo"]
[Result "1/2-1/2"]
[WhiteElo "2165"]
[BlackElo "2460"]
[PlyCount "51"]
[EventDate "2022.12.05"]
[EventType "swiss"]
[EventRounds "10"]
[EventCountry "COL"]
[SourceTitle "CBM 211 Extra"]
[Source "ChessBase"]
[SourceDate "2023.01.31"]
[SourceVersion "1"]
[SourceVersionDate "2023.01.31"]
[SourceQuality "1"]

1. e4 c5 2. Nf3 Nc6 3. d4 cxd4 4. Nxd4 Nf6 5. Nc3 e5 6. Ndb5 d6 7. Bg5 a6 8. Na3 b5 9. Nd5 Qa5+ 10. Bd2 Qd8 11. Bg5 Qa5+ 12. Bd2 Qd8 13. Bg5 Be7 14. Bxf6 Bxf6 15. c4 b4 16. Nc2 a5 17. Be2 0-0 18. 0-0 g6 19. Bg4 Bb7 20. Qd3 Bg7 21. Rad1 Nd4 22. Nxd4 exd4 23. b3 Ra7 24. g3 Re8 25. Bf3 Bxd5 26. exd5 1/2-1/2